Sanat - "Lohtu" - Statistics

Yleistilastot
  • Tätä visaa on pelattu 129 kertaa
  • Keskiarvotulos 151 / 203
Vastaustilastot
Vastaus % Oikein
on
94%
pieni
94%
Yksi
94%
elämä
93%
kantajaa
92%
katson
92%
sillä
92%
vastasyntynyt
92%
lohdun
91%
nukkuvaa
91%
saattajani
91%
sisällä
91%
valo
91%
aina
88%
hiljaa
88%
ja
88%
suuri
88%
vierellä
88%
lähellä
87%
kuljen
85%
matkan
84%
kaiken
81%
pidän
81%
musta
80%
tiedät
80%
vaikka
80%
Miten
79%
mua
79%
sun
79%
Leijailen
78%
luoksesi
78%
omani
78%
ensi
76%
kertaa
76%
mun
76%
pahan
76%
katsot
75%
opastan
75%
sulta
75%
piilotan
74%
kulkijani
73%
suklaapuodille
72%
Kun
69%
kun
69%
jää
65%
kerran
65%
älä
64%
ei
62%
suremaan
61%
tiedän
61%
irti
60%
päästää
60%
susta
59%
uudestaan
59%
ajattoman
58%
enkä
58%
erämaan
58%
pelkää
58%
vaan
58%
sua
56%
palaan
55%
vanhan
54%
sylissä
51%
Vihdoin
51%
voi
51%
kaadut
49%
multaan
49%
haavoittaa
48%
tuhannesti
48%
lohduttavan
45%
vasten
42%
enää
41%
täällä
41%
yksin
41%
kukaan
40%
selkä
40%
pärjää
39%
selkää
39%
Silloin
39%
tähtipölyn
39%
kaivataan
38%
kuljetaan
38%
lohdunkantajaa
38%
suljetaan
36%
haluu
35%
valmiina
35%
portit
34%
jäädä
33%
mielellään
32%
tartte
32%
antamaan
31%
siks
31%
pyyteettömästi
29%
seistään
29%
esiin
27%
puolella
27%
toistemme
27%
astutaan
25%
ryhdikkäänä
20%
kuudelma
14%
Ehtoja vastaavia visoja ei löytynyt
Tulosjakauma
Jokaisen tuloksen saaneiden osuus
Persentiili vastausten määrän mukaan
Tuloshistoriasi
Et ole pelannut tätä visaa